head in the wall - ethel cain - Statistics

General Stats
  • This quiz has been taken 13 times
  • The average score is 249 of 302
Answer Stats
Answer % Correct
a
100%
all
100%
an
100%
and
100%
at
100%
cops
100%
even
100%
for
100%
fuck
100%
fucking
100%
go
100%
god
100%
head
100%
i
100%
if
100%
know
100%
make
100%
me
100%
my
100%
put
100%
ruining
100%
the
100%
this
100%
to
100%
town
100%
wall
100%
wanna
100%
when
100%
you
100%
be
89%
ever
89%
get
89%
in
89%
just
89%
knew
89%
of
89%
on
89%
out
89%
sometimes
89%
through
89%
up
89%
us
89%
we
89%
wonder
89%
your
89%
again
78%
bed
78%
bitch
78%
blood
78%
bored
78%
but
78%
cant
78%
cause
78%
cut
78%
do
78%
dont
78%
else
78%
everyone
78%
holes
78%
its
78%
like
78%
myself
78%
"no"
78%
no
78%
old
78%
piece
78%
sheets
78%
shit
78%
shooting
78%
they
78%
they'll
78%
was
78%
we're
78%
will
78%
with
78%
after
67%
always
67%
am
67%
asleep
67%
bitches
67%
body
67%
boys
67%
could
67%
didnt
67%
does
67%
down
67%
(down)
67%
drown
67%
everybodys
67%
fall
67%
fan
67%
fault
67%
feel
67%
freak
67%
fucked
67%
girls
67%
gonna
67%
hold
67%
house
67%
im
67%
leave
67%
need
67%
noise
67%
now
67%
(now)
67%
now)
67%
our
67%
rotating
67%
soaked
67%
sound
67%
staring
67%
take
67%
think
67%
ugly
67%
want
67%
what
67%
about
56%
alive?"
56%
alone
56%
been
56%
both
56%
crying
56%
cursed
56%
die
56%
escaping
56%
everything
56%
good
56%
heads
56%
hell
56%
how
56%
is
56%
jesus
56%
letting
56%
next
56%
own
56%
school
56%
since
56%
sins
56%
start
56%
supposed
56%
terrified
56%
theres
56%
(theres
56%
times
56%
told
56%
underwater
56%
we've
56%
while
56%
wrong
56%
dead
44%
(dead)
44%
run
44%
"why
44%
away
33%
lead
33%
once
33%
only
33%
full
22%
pumped
22%
No matching quizzes found
Score Distribution
Percent of People with Each Score
Percentile by Number Answered
Your Score History
You have not taken this quiz